Info tumbuhan berdaun hijau

Bibliographic Details
Main Author: Mohd.Quyyum
Format: Book
Published: Kuala Lumpur : Pustaka Hakimi , 2020
Series:Siri kerjaya dalam bidang pertanian
Subjects:

MARC

LEADER 00000cam a2200000 7i4500
001 0000278668
005 20200921095643.0
020 |a 9789670696775 
090 0 0 |a 580   |b MOH 
100 0 |a Mohd.Quyyum 
245 1 0 |a Info tumbuhan berdaun hijau   |c Mohd.Quyyum 
260 |a Kuala Lumpur :   |b Pustaka Hakimi ,   |c 2020 
300 |a 56p. ;   |c photo, col. ;   |c 26cm. 
490 0 |a Siri kerjaya dalam bidang pertanian 
650 0 |a Plants 
650 0 |a Plants, useful 
999 |a 00384699   |b BUKU   |c JUNIOR BOOKS   |e PERPUSTAKAAN KOMUNITI PETALING JAYA